000 01355nam a2200289Ia 4500
003 OSt
005 20210112151650.0
008 191128s2014 sp ad gr 000 0 spa d
020 _a9788436830934
040 _aCO-JMCR
_cCO-JMCR
041 0 _aspa
082 0 4 _a658.408 /
_bG171m
_223
100 1 _aGarcía del Junco, Julio ,
_eautor
_912835
245 1 0 _aManual práctico de responsabilidad social corporativa :
_bgestión, diagnóstico e impacto en la empresa /
_cJulio García del Junco, Beatriz Palacios Florencio, Francisco Espasandí Bustelo
260 _aMadrid :
_bEdiciones Pirámide,
_c2014
300 _a267 páginas :
_bgráficos a blanco y negro ;
_c24 cm.
490 0 _aEconomía y empresa
504 _aBibliografía: páginas 259-267
505 0 _aNociones generales sobre responsabilidad social corporativa (RSC) -- Ética en los negocios -- Medio ambiente -- Modelo de diagnóstico -- Comunicación de las acciones de responsabiblidad social corporativa de la organización al entorno
650 2 4 _aÉtica de los negocios
_91608
650 2 4 _aAdministración de empresas
_912836
650 2 4 _aResponsabilidad ambiental
_912837
650 2 4 _aResponsabilidad social de los negocios
_912766
700 1 _aPalacios Florencio, Beatriz,
_eautora
_912838
700 1 _aEspasandí Bustelo, Francisco,
_eautor
_912839
942 _2ddc
_cBK
999 _c4755
_d4755